Catálogo
 En Linea

Memoria 1966-1970. (Registro nro. 42339)

Detalles MARC
000 -CABECERA
campo de control de longitud fija 00410nam a2200145 a 4500
001 - NÚMERO DE CONTROL
campo de control 000042850
005 - FECHA Y HORA DE LA ÚLTIMA TRANSACCIÓN
campo de control 20201002040438.0
008 - DATOS DE LONGITUD FIJA--INFORMACIÓN GENERAL
campo de control de longitud fija 140211s1971 dr a 000 0 spa d
040 ## - FUENTE DE LA CATALOGACIÓN
Centro catalogador/agencia de origen DO-SdBNP
Lengua de catalogación spa
Centro/agencia transcriptor BNPHU
082 ## - NÚMERO DE LA CLASIFICACIÓN DECIMAL DEWEY
Número de clasificación xxx
Número de documento/Ítem xxx
110 2# - ENTRADA PRINCIPAL--NOMBRE DE ENTIDAD CORPORATIVA
Nombre de entidad corporativa o nombre de jurisdicción como elemento de entrada Corporación Dominicana de Empresas Estatales
9 (RLIN) 55956
245 10 - MENCIÓN DE TÍTULO
Título Memoria 1966-1970.
260 ## - PUBLICACIÓN, DISTRIBUCIÓN, ETC.
Lugar de publicación, distribución, etc. Santo Domingo,
Fecha de publicación, distribución, etc. Corde
-- 1971.
300 ## - DESCRIPCIÓN FÍSICA
Extensión 337 p. :
Otras características físicas il. ;
Dimensiones 28 cm.
Existencias
Estado de retiro Estado de pérdida No para préstamo Código de colección Localización permanente Ubicación/localización actual Ubicación en estantería Fecha de adquisición Número de inventario Total de préstamos Signatura topográfica completa Código de barras Fecha visto por última vez Precio válido a partir de Tipo de ítem Koha
    Excluido de préstamo Patrimonio Dominicano General General En catalogación 11.02.2014 LF1   xxx xxx 42850-10 25.06.2020 25.06.2020 Libro y Folleto Colección Patrimonio Dominicano

Con tecnología Koha